000
00298nam a22001337a 4500
008
180306b xxu||||| |||| 00| 0 eng d
020
_a
027011093913
041
_a
eng
080
_a
591
100
_a
7
101
_a
zoo
245
_a
aquariumm fish surival manual
_c
brian.w
942
_2
udc
_c
BK
999
_c
44230
_d
44230